Střípky z dějin centrálního bankovnictví v USA

Pohľad na históriu budovy FEDu vo Washingtone a amerického dolára.

Gespeichert in:
Bibliographische Detailangaben
1. Verfasser: Kalabis, Zbyněk
Format: Buchkapitel
Sprache:Tschechisch
Schlagworte:
Tags: Tag hinzufügen
Keine Tags, Fügen Sie das erste Tag hinzu!

MARC

LEADER 00000naa a2200000 4500
001 0262051
005 20221104110617.9
041 0 |a cze 
044 |a CZ 
245 1 0 |a Střípky z dějin centrálního bankovnictví v USA  |c Zbyněk Kalabis 
520 |a Pohľad na históriu budovy FEDu vo Washingtone a amerického dolára. 
610 2 0 |a USA 
610 2 0 |a história 
610 2 0 |a banky centrálne 
610 2 0 |a vzťahy medzinárodné 
100 1 |a Kalabis, Zbyněk